000 00686nam a2200253Ia 4500
003 OSt
005 20220918174056.0
006 a|||||r|||| 00| 0
007 ta
008 220917b |||||||| |||| 00| 0 eng d
024 _a10,336
037 _cTextual
040 _aARTS
_cARTS
_beng
041 _2eng
_aeng
082 _aR1, M4
100 _aWright Richard A
_949039
245 0 _aLogical thinking
_b an integrated introduction
260 _aNew Jersey
_bPrentice Hall
_c1984
300 _axiv,322p.
_ccm.
650 _aPHILOSOPHY
700 _a Tohiunka Ken
_949040
942 _hR1, M4
_cTEXL
_2CC
999 _c151710
_d151710